LEADER 01026nam 22003373 450 001 9910130626503321 005 20090210000000.0 010 $a88-8212-674-9 035 $a(CKB)3400000000020388 035 $a(ItFiC)it 02414370 035 $a(EXLCZ)993400000000020388 100 $a20101102d2009 uy 0 101 0 $aita 200 10$aProfilo critico del Romanticismo italiano /$fGiuseppe A. Camerino 210 $aNovara $cInterlinea$d2009 215 $a189 p. ;$d21 cm 225 0$aBiblioteca letteraria dell'Italia unita ;$v15 300 $aAuthor's name on t.p.: Giuseppe A. Camerino. 300 $aG. A. Camerino, professor at the Università del Salento. 320 $aIncludes bibliographical references. 676 $a850 676 $a858 676 $a851 676 $a809 700 $aCamerino$b Giuseppe Antonio$0198172 801 0$bItFiC 801 1$bItFiC 906 $aBOOK 912 $a9910130626503321 996 $aProfilo critico del Romanticismo italiano$9230156 997 $aUNINA LEADER 01031nam a2200277 i 4500 001 991002550789707536 008 040505s2002 it a 000 0 ita d 020 $a8843000608 035 $ab1293964x-39ule_inst 040 $aScuola per assistenti sociali$bita 082 0 $a371.9 245 03$aLa formazione dell'educatore professionale :$bpercorsi teorici e pratici per l'operatore pedagogico /$ca cura di Andrea Canevaro 250 $a5. rist. 260 $aRoma :$bNIS,$c2002 300 $a216 p. :$bill. ;$c24 cm 440 2$aI manuali ;$v70 500 $aCon appendice 650 4$aPedagogia$xFormazione professionale 650 4$aEducatori$xFormazione 700 1 $aCanevaro, Andrea 907 $a.b1293964x$b21-09-06$c05-05-04 912 $a991002550789707536 945 $aLE022 371 CAN01.04$g1$i2022000109604$lle022$op$pE26.20$q-$rl$s- $t0$u20$v13$w20$x0$y.i13523971$z11-05-04 996 $aFormazione dell'educatore professionale$9282020 997 $aUNISALENTO 998 $ale022$b05-05-04$cm$da $e-$fita$git $h3$i1 LEADER 01879nam 2200445z- 450 001 9910346771603321 005 20210211 010 $a1000054324 035 $a(CKB)4920000000100807 035 $a(oapen)https://directory.doabooks.org/handle/20.500.12854/45962 035 $a(oapen)doab45962 035 $a(EXLCZ)994920000000100807 100 $a20202102d2017 |y 0 101 0 $ager 135 $aurmn|---annan 181 $ctxt$2rdacontent 182 $cc$2rdamedia 183 $acr$2rdacarrier 200 00$aEin Prognosemodell fu?r die Verwitterung von Sandstein 210 $cKIT Scientific Publishing$d2017 215 $a1 online resource (Getr. Za?hlung p.) 225 1 $aKarlsruher Reihe Massivbau, Baustofftechnologie, Materialprüfung / Institut für Massivbau und Baustofftechnologie ; Materialprüfungs- und Forschungsanstalt Karlsruhe 311 08$a3-7315-0520-7 330 $aSandstone is the most common kind of natural stone used for historic buildings in Central Europe. During the past century a dramatic increase in different types of damage to historic buildings, monuments and sculptures made from natural stone has been observed. The present work deals with theoretical aspects of strength loss, fracture processes and degradation during the decay processes. 606 $aHistory of engineering and technology$2bicssc 610 $adurability 610 $aErmu?dung 610 $afatigue behaviour 610 $aFEMsandstone 610 $afinite element methods 610 $aLebensdauer 610 $aSandstein 610 $aVerwitterungsmodell 610 $aweathering model 615 7$aHistory of engineering and technology 700 $aKotan$b Engin$4auth$01312919 906 $aBOOK 912 $a9910346771603321 996 $aEin Prognosemodell für die Verwitterung von Sandstein$93031121 997 $aUNINA